000 00684nam a2200193 a 4500
003 0
005 20250224154037.0
008 111114s19uu xx 00 eng d
050 _aPGS LB 2710.92
_b.D576 2011
100 _aDilig, Angel Rizaldo
245 _aExtent of internet usage and emotional behavior of SISC students /
_cAngel Rizaldo Dilig.
260 _aLas PiƱas City, Philippines :
_bSouthville International School and Colleges,
_c2011.
300 _a15 pages :
_billustrations ;
_c28 cm.
504 _aIncludes bibliographical references.
650 _aInternet usage.
650 _aEmotional behavior.
650 _aSchool children
_vPsychology.
942 _2lcc
_cPASS
999 _c98623
_d98623